Testing and evaluation : an introduction /

Bibliographic Details
Main Author: Lindvall, C. M.
Format: Book
Language:English
Published: New York : Harcourt, Brace & World, [1961]
Subjects:

MARC

Tag First Indicator Second Indicator Subfields
LEADER 00000cam a2200000 4500
001 in00000084659
005 20151008053203.0
008 740221s1961 nyu 00000 eng u
010 |a  61017431  
035 |a (OCoLC)00809235 
035 |9 AAH6579AM 
040 |c PHA  |d TXA  |d UtOrBLW 
049 |a TXAM  |c [343794] 
050 0 |a LB3051  |b .L54 
092 |a 371.26  |b L753t, 1961 
100 1 |a Lindvall, C. M. 
245 1 0 |a Testing and evaluation :  |b an introduction /  |c Van Miller, consult ing editor. 
264 1 |a New York :  |b Harcourt, Brace & World,  |c [1961] 
300 |a 264 pages :  |b illustrations ;  |c 24 cm. 
336 |a text  |b txt  |2 rdacontent 
337 |a unmediated  |b n  |2 rdamedia 
338 |a volume  |b nc  |2 rdacarrier 
650 0 |a Educational tests and measurements. 
999 |a MARS 
999 f f |s 31fc9439-5f32-3f1b-8d22-691c052785fc  |i 19aa7dba-bfdc-35f7-a6ef-69d142a81b6f  |t 0 
952 f f |p normal  |a Texas A&M University  |b College Station  |c Sterling C. Evans Library  |d Evans: Library Stacks  |t 0  |e LB3051 .L54  |h Library of Congress classification  |i unmediated -- volume  |m A14800833206 
998 f f |a LB3051 .L54  |t 0  |l Evans: Library Stacks